000 00614nam a2200169Ia 4500
008 090711s9999 xx 000 0 und d
082 _b68280
100 _aमाविनकुर्वे परिणिता नि.
245 _aबहारदार बहात्तर
260 _c1991
300 _a164
600 _aमाविनकुर्वे परिणिता नि.
630 _aबहारदार बहात्तर
700 _aमाविनकुर्वे परिणिता नि.
730 _aबहारदार बहात्तर
942 _cBOOK
999 _c291715
_d291715